European Warfare, 1660-1815 (Record no. 575644)

MARC details
000 -LEADER
fixed length control field 00749nam a2200169Ia 4500
008 - FIXED-LENGTH DATA ELEMENTS--GENERAL INFORMATION
fixed length control field 250714s9999 xx 000 0 und d
020 ## - INTERNATIONAL STANDARD BOOK NUMBER
ISBN 9781857281736
082 ## - DEWEY DECIMAL CLASSIFICATION NUMBER
Classification number 940.2
Item number BLA
100 ## - MAIN ENTRY--AUTHOR NAME
Personal name Black, Jeremy
245 #0 - TITLE STATEMENT
Title European Warfare, 1660-1815
260 ## - PUBLICATION, DISTRIBUTION, ETC. (IMPRINT)
Name of publisher Taylor & Francis
Year of publication 1994
300 ## - PHYSICAL DESCRIPTION
Number of Pages 287 pages
500 ## - GENERAL NOTE
General note This is a history of warfare, wars and the armed forces of Europe from the military revolution of the mid-17th century to the Napoleonic wars.; This book is intended for broad-based undergrad courses on 18th century Europe/Britain and the Ancien Regime. 2nd and 3rd year thematic courses on warfare in the modern period, and students of war studies.
650 ## - SUBJECT ADDED ENTRY--TOPICAL TERM
Topical Term History
942 ## - ADDED ENTRY ELEMENTS (KOHA)
Koha item type English Books

No items available.

Find us on the map